000 00835nam a22002417a 4500
999 _c8750
_d8750
003 AR-CdUCM
008 190325b ||||| |||| 00| 0 spa d
040 _aMUNICIPALIDAD PROVINCIAL DEL CUSCO
_cBIBLIOTECA MUNICIPAL DEL CUSCO
082 _a869.56 /
_bJ24
_22 ed.
100 _aJara, Cronwell
_924414
245 _aHueso duro /
260 _aLima :
_bLluvia Editores,
_c1986.
300 _a20 páginas ;
_c16 cm.
440 _aAmazónica
_nCuentos Peruanos 1
_924415
650 _aPerú
_92178
650 _aLiteratura
_983
650 _aCuentos Peruanos
_933
710 _aUniversidad Nacional Mayor de San Marcos (Auspiciador)
_924380
710 _aInstituto Peruano del Libro (Auspiciador)
_924381
710 _aSecretaría Nacional de Asuntos Pedagógicos del SUTEP (Auspiciador)
_924382
942 _2ddc
_cLIBROS
945 _araen